00507nam a2200193 a 4500001001300000003000900013005001700022008004100039020001000080082001900090100003300109245001900142260003500161300001000196500003500206650001600241650002300257700003300280nice12345678IN_TiNIC20260116011820.0080116s1927 luca grp 000 0 urd  ac10000a891.4391bNAJ2 aNajmulghani, Hakeem Mohammad aBahrul Fasahat aLucknow bNaval Kishore c1927 a1232p aincludes index and biblioraphy aPoetry-Form aUrdu-Poetical Form1 aNajmulghani, Hakeem Mohammad